000 00654nam a22002417a 4500
003 UA-OsUOA
001 125360
007 ta
008 20170914b un ||||| |||| 00| 0 ukr d
100 _aПеротті А.
090 _a008(4)
_bП27
942 _cBK
040 _aUA-OsUOA
_bukr
_cUA-OsUOA
_dUA-OsUOA
245 _aВиступ на захист полікультурності
300 _a128 с с.
955 _a1
041 _aukr
080 _a008(4)
020 _a966-633-011-7
260 _aЛьвів
_bКальварія
_c2001
650 7 _a008 Цивілізація. Культура. Прогрес
_2UDC
999 _c412572
_d412572